| 000 | 00652nam a2200205 a 4500 | ||
|---|---|---|---|
| 005 | 20240813063856.0 | ||
| 008 | 041112s1997 mx r 000 0 spa d | ||
| 020 | _a950724686X | ||
| 035 | _aUPN01000136341 | ||
| 049 | _aF | ||
| 050 | 4 |
_aHV3004 _bV4.6 |
|
| 100 | 1 |
_aVerdugo Alonso, Miguel Angel _931988 |
|
| 245 | 1 | 0 |
_aPersonas con discapacidad : _bla perspectiva del año 2000 / _cMiguel Angel Verdugo Alonso. |
| 260 |
_aBuenos Aires : _bLumen-Hvmanitas, _cc1997. |
||
| 300 | _a44 h. | ||
| 440 | 0 |
_aHvmanitas 2000. _pProblemas sociales |
|
| 650 | 4 | _aPERSONAS CON DISCAPACIDAD | |
| 650 | 0 |
_aPersonas con discapacidad mental _95134 |
|
| 905 | _aLibro | ||
| 999 |
_c108492 _d108492 |
||